000 00391nam a22001577a 4500
999 _c17680
_d17680
003 OSt
005 20221201150657.0
008 221201b ||||| |||| 00| 0 eng d
040 _c0
100 _aAlivo, Cristina E.
_946938
245 _aHard to detect /
260 _aPhilippines;
_bSunStar,
_cNovember 20, 2019.
300 _apage 2.
650 _aChild Abuse.
_946939
942 _2ddc
_cPER